[Event "Campeonato España Sub 18"]
[Site "Salobreña"]
[Date "2017.08.04"]
[Round "8"]
[White "Domingo Nunez, Alejandro"]
[Black "Povill Claros, Xavier"]
[Result "1-0"]
[Board "2"]
[WhiteClock "1:34"]
[WhiteTitle "FM"]
[WhiteElo "2287"]
[WhiteCountry "ESP"]
[WhiteFideId "22245561"]
[WhiteEloChange "11"]
[BlackClock "1:32"]
[BlackTitle "FM"]
[BlackElo "2337"]
[BlackCountry "ESP"]
[BlackFideId "32040512"]
[BlackEloChange "-11"]

1. e4 {[%clk 1:34:00]} c6 {[%clk 1:32:00]} 2. d4 {[%clk 1:34:00]} d5 {[%clk
1:32:00]} 3. e5 {[%clk 1:34:00]} Bf5 {[%clk 1:32:00]} 4. Nf3 {[%clk 1:34:00]} e6
{[%clk 1:32:00]} 5. Be2 {[%clk 1:34:00]} Nd7 {[%clk 1:32:00]} 6. O-O {[%clk
1:34:00]} h6 {[%clk 1:32:00]} 7. Nbd2 {[%clk 1:34:00]} Ne7 {[%clk 1:32:00]} 8.
Nb3 {[%clk 1:34:00]} Bh7 {[%clk 1:32:00]} 9. a4 {[%clk 1:34:00]} Ng6 {[%clk
1:32:00]} 10. a5 {[%clk 1:31:00]} Be7 {[%clk 1:32:00]} 11. c4 {[%clk 1:31:00]}
dxc4 {[%clk 1:30:00]} 12. Bxc4 {[%clk 1:32:00]} O-O {[%clk 1:27:00]} 13. Qe2
{[%clk 1:26:00]} Qc7 {[%clk 1:12:00]} 14. Rd1 {[%clk 1:13:00]} Rfd8 {[%clk
1:10:00]} 15. Be3 {[%clk 1:08:00]} Rac8 {[%clk 1:05:00]} 16. Rac1 {[%clk
1:01:00]} Qb8 {[%clk 1:03:00]} 17. a6 {[%clk 0:53:00]} b6 {[%clk 1:00:00]} 18.
Bd3 {[%clk 0:53:00]} Bf8 {[%clk 0:59:00]} 19. Nfd2 {[%clk 0:39:00]} Ne7 {[%clk
0:49:00]} 20. Ne4 {[%clk 0:31:00]} Nd5 {[%clk 0:45:00]} 21. Qg4 {[%clk 0:26:00]}
Bf5 {[%clk 0:33:00]} 22. Qg3 {[%clk 0:23:00]} Kh8 {[%clk 0:33:00]} 23. Bb1 {[%clk
0:14:47]} Be7 {[%clk 0:26:00]} 24. h4 {[%clk 0:10:54]} c5 {[%clk 0:17:00]} 25. h5
{[%clk 0:08:05]} c4 {[%clk 0:14:49]} 26. Nbd2 {[%clk 0:08:10]} b5 {[%clk
0:14:51]} 27. Qf3 {[%clk 0:06:22]} Kg8 {[%clk 0:10:49]} 28. g4 {[%clk 0:05:53]}
Bh7 {[%clk 0:11:09]} 29. g5 {[%clk 0:06:04]} Nxe3 {[%clk 0:08:23]} 30. Qxe3
{[%clk 0:05:59]} hxg5 {[%clk 0:03:49]} 31. Nxg5 {[%clk 0:05:46]} Bxb1 {[%clk
0:04:16]} 32. Rxb1 {[%clk 0:06:16]} Nf8 {[%clk 0:01:43]} 33. Nde4 {[%clk
0:06:31]} Nh7 {[%clk 0:00:44]} 34. Nf3 {[%clk 0:03:34]} Qc7 {[%clk 0:00:46]} 35.
Kh1 {[%clk 0:03:39]} Kh8 {[%clk 0:00:59]} 36. Rg1 {[%clk 0:03:54]} Rg8 {[%clk
0:00:45]} 37. Qf4 {[%clk 0:02:47]} Rcf8 {[%clk 0:00:47]} 38. Qg4 {[%clk 0:01:39]}
f5 {[%clk 0:00:32]} 39. exf6 {[%clk 0:01:56]} Nxf6 {[%clk 0:00:48]} 40. Nxf6
{[%clk 0:00:42]} Rxf6 {[%clk 0:01:07]} 41. Ne5 {[%clk 0:01:01]} Bd6 {[%clk
0:01:14]} 42. Ng6+ {[%clk 0:00:55]} Kh7 {[%clk 0:01:23]} 43. Qe4 {[%clk 0:01:16]}
Rf5 {[%clk 0:00:38]} 44. Nh4 {[%clk 0:01:42]} Qf7 {[%clk 0:00:47]} 45. Nxf5
{[%clk 0:01:48]} exf5 {[%clk 0:01:09]} 46. Qf3 {[%clk 0:00:56]} Qf6 {[%clk
0:00:56]} 47. Rg6 {[%clk 0:00:50]} Qh4+ {[%clk 0:01:06]} 48. Kg2 {[%clk 0:01:11]}
Qh2+ {[%clk 0:01:04]} 49. Kf1 {[%clk 0:01:41]} Bf4 {[%clk 0:00:43]} 50. Re1
{[%clk 0:01:40]} Rf8 {[%clk 0:00:51]} 51. Re7 {[%clk 0:01:48]} Bh6 {[%clk
0:01:14]} 52. d5 {[%clk 0:01:27]} Qh4 {[%clk 0:00:37]} 53. d6 {[%clk 0:00:50]} b4
{[%clk 0:00:31]} 54. Qg2 {[%clk 0:00:43]} Qd4 {[%clk 0:00:47]} 55. Rxh6+ {[%clk
0:01:02]} Kg8 {[%clk 0:01:32]} 56. Rxg7+ {[%clk 0:01:27]} Qxg7 {[%clk 0:01:32]}
57. Rg6 {[%clk 0:01:27]} 1-0

[Event "Campeonato España Sub 18"]
[Site "Salobreña"]
[Date "2017.08.04"]
[Round "8"]
[White "Laiz Ibanez, Hector"]
[Black "Bayo Milagro, Alvaro"]
[Result "1/2-1/2"]
[Board "3"]
[WhiteClock "1:33"]
[WhiteTitle "FM"]
[WhiteElo "2269"]
[WhiteCountry "ESP"]
[WhiteFideId "2216710"]
[WhiteEloChange "1"]
[BlackClock "1:33"]
[BlackTitle "FM"]
[BlackElo "2288"]
[BlackCountry "ESP"]
[BlackFideId "22275240"]
[BlackEloChange "-1"]

1. e4 {[%clk 1:33:00]} e6 {[%clk 1:33:00]} 2. d4 {[%clk 1:33:00]} d5 {[%clk
1:33:00]} 3. Nc3 {[%clk 1:33:00]} Nf6 {[%clk 1:33:00]} 4. e5 {[%clk 1:33:00]}
Nfd7 {[%clk 1:33:00]} 5. f4 {[%clk 1:33:00]} c5 {[%clk 1:33:00]} 6. Nf3 {[%clk
1:33:00]} Nc6 {[%clk 1:33:00]} 7. Be3 {[%clk 1:33:00]} Be7 {[%clk 1:33:00]} 8.
Qd2 {[%clk 1:33:00]} O-O {[%clk 1:33:00]} 9. dxc5 {[%clk 1:33:00]} Bxc5 {[%clk
1:33:00]} 10. O-O-O {[%clk 1:33:00]} Qa5 {[%clk 1:32:00]} 11. a3 {[%clk 1:32:00]}
Rd8 {[%clk 1:29:00]} 12. Nd4 {[%clk 1:10:00]} a6 {[%clk 1:25:00]} 13. Kb1 {[%clk
1:06:00]} Qc7 {[%clk 1:10:00]} 14. Qf2 {[%clk 0:52:00]} Nxd4 {[%clk 1:01:00]} 15.
Bxd4 {[%clk 0:52:00]} Bxd4 {[%clk 1:01:00]} 16. Qxd4 {[%clk 0:53:00]} b5 {[%clk
1:01:00]} 17. Bd3 {[%clk 0:45:00]} Rb8 {[%clk 1:00:00]} 18. Rhe1 {[%clk 0:43:00]}
Qc5 {[%clk 0:54:00]} 19. Qxc5 {[%clk 0:38:00]} Nxc5 {[%clk 0:53:00]} 20. b4
{[%clk 0:39:00]} Nd7 {[%clk 0:53:00]} 21. Ne2 {[%clk 0:39:00]} Nb6 {[%clk
0:53:00]} 22. Nd4 {[%clk 0:39:00]} Bd7 {[%clk 0:54:00]} 23. Rd2 {[%clk 0:35:00]}
Na4 {[%clk 0:53:00]} 24. Nb3 {[%clk 0:33:00]} Rdc8 {[%clk 0:52:00]} 25. Rf2
{[%clk 0:31:00]} Rc3 {[%clk 0:50:00]} 26. Ka2 {[%clk 0:32:00]} Rbc8 {[%clk
0:50:00]} 27. g4 {[%clk 0:30:00]} R3c7 {[%clk 0:47:00]} 28. h4 {[%clk 0:30:00]}
Re8 {[%clk 0:46:00]} 29. h5 {[%clk 0:28:00]} Bc8 {[%clk 0:44:00]} 30. Nd4 {[%clk
0:28:00]} Rce7 {[%clk 0:41:00]} 31. Kb3 {[%clk 0:25:00]} Nb6 {[%clk 0:36:00]} 32.
Nf3 {[%clk 0:23:00]} f6 {[%clk 0:29:00]} 33. exf6 {[%clk 0:21:00]} gxf6 {[%clk
0:29:00]} 34. g5 {[%clk 0:21:00]} fxg5 {[%clk 0:29:00]} 35. Nxg5 {[%clk 0:21:00]}
Nd7 {[%clk 0:26:00]} 36. Rg2 {[%clk 0:21:00]} Kh8 {[%clk 0:26:00]} 37. h6 {[%clk
0:14:01]} Rg8 {[%clk 0:17:49]} 38. Reg1 {[%clk 0:11:00]} Nf6 {[%clk 0:17:35]} 39.
Kc3 {[%clk 0:09:52]} Rf8 {[%clk 0:17:39]} 40. Rf2 {[%clk 0:09:22]} Nd7 {[%clk
0:15:46]} 41. Rgf1 {[%clk 0:09:12]} Rf6 {[%clk 0:15:45]} 42. Rh2 {[%clk 0:07:00]}
Nf8 {[%clk 0:11:31]} 43. Kd4 {[%clk 0:05:59]} Nd7 {[%clk 0:07:47]} 44. Kc3 {[%clk
0:05:59]} 1/2-1/2

[Event "Campeonato España Sub 18"]
[Site "Salobreña"]
[Date "2017.08.04"]
[Round "8"]
[White "Castillo Dalmau, Albert"]
[Black "Perez Garcia, Alejandro"]
[Result "0-1"]
[Board "4"]
[WhiteClock "1:31"]
[WhiteElo "2258"]
[WhiteCountry "ESP"]
[WhiteFideId "32009925"]
[WhiteEloChange "-7"]
[BlackClock "1:29"]
[BlackTitle "IM"]
[BlackElo "2358"]
[BlackCountry "ESP"]
[BlackFideId "32041543"]
[BlackEloChange "7"]

1. c4 {[%clk 1:31:00]} c6 {[%clk 1:29:00]} 2. Nf3 {[%clk 1:31:00]} d5 {[%clk
1:29:00]} 3. e3 {[%clk 1:31:00]} Nf6 {[%clk 1:29:00]} 4. Nc3 {[%clk 1:31:00]} a6
{[%clk 1:25:00]} 5. Qc2 {[%clk 1:28:00]} g6 {[%clk 1:17:00]} 6. b3 {[%clk
1:14:00]} Bg7 {[%clk 1:12:00]} 7. Bb2 {[%clk 1:14:00]} O-O {[%clk 1:11:00]} 8. d4
{[%clk 1:13:00]} Bf5 {[%clk 1:06:00]} 9. Bd3 {[%clk 1:13:00]} Bxd3 {[%clk
1:05:00]} 10. Qxd3 {[%clk 1:14:00]} b5 {[%clk 0:56:00]} 11. O-O {[%clk 1:11:00]}
Nbd7 {[%clk 0:56:00]} 12. Rac1 {[%clk 1:01:00]} e6 {[%clk 0:50:00]} 13. Rc2
{[%clk 0:47:00]} Qe7 {[%clk 0:35:00]} 14. cxd5 {[%clk 0:46:00]} exd5 {[%clk
0:31:00]} 15. Rfc1 {[%clk 0:38:00]} Rac8 {[%clk 0:23:00]} 16. Ne2 {[%clk
0:36:00]} Nb8 {[%clk 0:21:00]} 17. Ne5 {[%clk 0:35:00]} Qd6 {[%clk 0:21:00]} 18.
Nf4 {[%clk 0:27:00]} Rfe8 {[%clk 0:17:21]} 19. Qe2 {[%clk 0:24:00]} Ne4 {[%clk
0:15:20]} 20. f3 {[%clk 0:20:00]} Ng5 {[%clk 0:15:05]} 21. Qd2 {[%clk 0:19:08]}
Ne6 {[%clk 0:14:02]} 22. Nfd3 {[%clk 0:16:21]} f6 {[%clk 0:13:34]} 23. Ng4 {[%clk
0:16:45]} h5 {[%clk 0:13:09]} 24. Ngf2 {[%clk 0:17:04]} Bh6 {[%clk 0:12:56]} 25.
Re1 {[%clk 0:17:06]} Ng7 {[%clk 0:12:11]} 26. f4 {[%clk 0:12:06]} Nd7 {[%clk
0:11:30]} 27. e4 {[%clk 0:11:07]} Qf8 {[%clk 0:06:32]} 28. g3 {[%clk 0:08:38]}
dxe4 {[%clk 0:05:53]} 29. Nxe4 {[%clk 0:08:10]} Nf5 {[%clk 0:04:30]} 30. Qa5
{[%clk 0:06:24]} Re6 {[%clk 0:02:21]} 31. Rce2 {[%clk 0:05:56]} Rce8 {[%clk
0:02:25]} 32. d5 {[%clk 0:05:50]} Rxe4 {[%clk 0:01:46]} 33. Rxe4 {[%clk 0:06:11]}
Rxe4 {[%clk 0:02:13]} 34. Rxe4 {[%clk 0:06:42]} cxd5 {[%clk 0:02:37]} 35. Re6
{[%clk 0:05:54]} Qc8 {[%clk 0:01:35]} 36. Qe1 {[%clk 0:06:02]} Ne5 {[%clk
0:01:19]} 37. Rxe5 {[%clk 0:03:46]} fxe5 {[%clk 0:01:46]} 38. Qxe5 {[%clk
0:03:58]} Kh7 {[%clk 0:01:21]} 39. Qxd5 {[%clk 0:03:35]} Qc2 {[%clk 0:01:26]} 40.
Qf3 {[%clk 0:02:39]} Qb1+ {[%clk 0:00:54]} 41. Kg2 {[%clk 0:02:52]} Qxa2 {[%clk
0:01:17]} 42. b4 {[%clk 0:01:52]} Bg7 {[%clk 0:01:01]} 43. Qf2 {[%clk 0:01:34]}
Qc4 {[%clk 0:00:46]} 44. Bxg7 {[%clk 0:00:38]} Qxd3 {[%clk 0:00:55]} 45. Bf6
{[%clk 0:00:32]} Ne3+ {[%clk 0:01:11]} 46. Kf3 {[%clk 0:00:34]} Ng4+ {[%clk
0:01:11]} 0-1

[Event "Campeonato España Sub 18"]
[Site "Salobreña"]
[Date "2017.08.04"]
[Round "8"]
[White "Lianes Garcia, Marcos"]
[Black "Porta Tovar, Guillem"]
[Result "0-1"]
[Board "5"]
[WhiteClock "1:32"]
[WhiteTitle "FM"]
[WhiteElo "2352"]
[WhiteCountry "ESP"]
[WhiteFideId "32060777"]
[WhiteEloChange "-14"]
[BlackClock "1:31"]
[BlackElo "2202"]
[BlackCountry "ESP"]
[BlackFideId "32008341"]
[BlackEloChange "14"]

1. e4 {[%clk 1:32:00]} c5 {[%clk 1:31:00]} 2. Nf3 {[%clk 1:32:00]} d6 {[%clk
1:31:00]} 3. d4 {[%clk 1:32:00]} Nf6 {[%clk 1:31:00]} 4. Nc3 {[%clk 1:32:00]}
cxd4 {[%clk 1:31:00]} 5. Nxd4 {[%clk 1:32:00]} a6 {[%clk 1:31:00]} 6. Bg5 {[%clk
1:32:00]} Nbd7 {[%clk 1:31:00]} 7. Qe2 {[%clk 1:32:00]} h6 {[%clk 1:27:00]} 8.
Bh4 {[%clk 1:30:00]} e6 {[%clk 1:16:00]} 9. f4 {[%clk 1:27:00]} Be7 {[%clk
1:13:00]} 10. O-O-O {[%clk 1:12:00]} g5 {[%clk 1:03:00]} 11. fxg5 {[%clk
1:06:00]} hxg5 {[%clk 0:49:00]} 12. Bxg5 {[%clk 1:05:00]} Qc7 {[%clk 0:49:00]}
13. Nf3 {[%clk 0:36:00]} b5 {[%clk 0:45:00]} 14. a3 {[%clk 0:35:00]} Bb7 {[%clk
0:44:00]} 15. Qe1 {[%clk 0:31:00]} Rc8 {[%clk 0:42:00]} 16. Bd3 {[%clk 0:31:00]}
Nc5 {[%clk 0:40:00]} 17. Qe2 {[%clk 0:27:00]} Qa5 {[%clk 0:27:00]} 18. e5 {[%clk
0:26:00]} dxe5 {[%clk 0:22:00]} 19. Nxe5 {[%clk 0:22:00]} b4 {[%clk 0:13:57]} 20.
Bxf6 {[%clk 0:10:55]} Bxf6 {[%clk 0:10:02]} 21. Nxf7 {[%clk 0:05:12]} Kxf7 {[%clk
0:08:13]} 22. Bc4 {[%clk 0:04:48]} Rc7 {[%clk 0:04:40]} 23. Rhe1 {[%clk 0:02:24]}
Re7 {[%clk 0:04:30]} 24. Rd6 {[%clk 0:00:49]} bxc3 {[%clk 0:04:34]} 25. Bxe6+
{[%clk 0:00:45]} Nxe6 {[%clk 0:04:53]} 26. Rxe6 {[%clk 0:01:09]} cxb2+ {[%clk
0:05:26]} 27. Kb1 {[%clk 0:01:30]} Qxe1+ {[%clk 0:05:26]} 0-1

[Event "Campeonato España Sub 18"]
[Site "Salobreña"]
[Date "2017.08.04"]
[Round "8"]
[White "Serra Canals, Oriol"]
[Black "Lopez Mulet, Inigo"]
[Result "1-0"]
[Board "6"]
[WhiteClock "n/a"]
[WhiteElo "2105"]
[WhiteCountry "ESP"]
[WhiteFideId "22276084"]
[WhiteEloChange "16"]
[BlackClock "n/a"]
[BlackTitle "FM"]
[BlackElo "2327"]
[BlackCountry "ESP"]
[BlackFideId "22235620"]
[BlackEloChange "-16"]

1. d4 {[%clk 1:30:30]} e6 {[%clk 1:30:30]} 2. Nf3 {[%clk 1:30:30]} Nf6 {[%clk
1:30:30]} 3. c4 {[%clk 1:30:30]} d5 {[%clk 1:30:30]} 4. Nc3 {[%clk 1:30:30]} Bb4
{[%clk 1:30:30]} 5. cxd5 {[%clk 1:30:30]} exd5 {[%clk 1:30:30]} 6. Bg5 {[%clk
1:30:30]} Nbd7 {[%clk 1:30:30]} 7. e3 {[%clk 1:30:30]} c5 {[%clk 1:30:30]} 8. Bd3
{[%clk 1:30:30]} Qa5 {[%clk 1:30:30]} 9. Qc2 {[%clk 1:30:30]} c4 {[%clk 1:30:30]}
10. Bf5 {[%clk 1:30:30]} g6 {[%clk 1:30:30]} 11. Bxd7+ {[%clk 1:30:30]} Nxd7
{[%clk 1:30:30]} 12. O-O {[%clk 1:30:30]} O-O {[%clk 1:30:30]} 13. e4 {[%clk
1:30:30]} Bxc3 {[%clk 1:30:30]} 14. bxc3 {[%clk 1:30:30]} f6 {[%clk 1:30:30]} 15.
Bh6 {[%clk 1:30:30]} Re8 {[%clk 1:30:30]} 16. Rfe1 {[%clk 1:30:30]} Nb6 {[%clk
1:30:30]} 17. e5 {[%clk 1:30:30]} Bf5 {[%clk 1:30:30]} 18. Qd2 {[%clk 1:30:30]}
fxe5 {[%clk 1:30:30]} 19. Nxe5 {[%clk 1:30:30]} Na4 {[%clk 1:30:30]} 20. g4
{[%clk 1:30:30]} Be4 {[%clk 1:30:30]} 21. f3 {[%clk 1:30:30]} Rxe5 {[%clk
1:30:30]} 22. dxe5 {[%clk 1:30:30]} Bd3 {[%clk 1:30:30]} 23. e6 {[%clk 1:30:30]}
Qc5+ {[%clk 1:30:30]} 24. Kg2 {[%clk 1:30:30]} Re8 {[%clk 1:30:30]} 25. Qf4
{[%clk 1:30:30]} Qe7 {[%clk 1:30:30]} 26. Bg5 {[%clk 1:30:30]} Qf8 {[%clk
1:30:30]} 27. Qd4 {[%clk 1:30:30]} h6 {[%clk 1:30:30]} 28. Bh4 {[%clk 1:30:30]}
Qg7 {[%clk 1:30:30]} 29. Bf6 {[%clk 1:30:30]} Qf8 {[%clk 1:30:30]} 30. Re3 {[%clk
1:30:30]} Qc5 {[%clk 1:30:30]} 31. Qf4 {[%clk 1:30:30]} Qf8 {[%clk 1:30:30]} 32.
g5 {[%clk 1:30:30]} h5 {[%clk 1:30:30]} 33. e7 {[%clk 1:30:30]} Qf7 {[%clk
1:30:30]} 34. Rxd3 {[%clk 1:30:30]} cxd3 {[%clk 1:30:30]} 35. Qxa4 {[%clk
1:30:30]} 1-0

[Event "Campeonato España Sub 18"]
[Site "Salobreña"]
[Date "2017.08.04"]
[Round "8"]
[White "Garcia Sobrino, David"]
[Black "Roldan Marques, Daniel"]
[Result "1/2-1/2"]
[Board "7"]
[WhiteClock "1:32"]
[WhiteTitle "FM"]
[WhiteElo "2223"]
[WhiteCountry "ESP"]
[WhiteFideId "32028407"]
[WhiteEloChange "2"]
[BlackClock "1:31"]
[BlackTitle "FM"]
[BlackElo "2300"]
[BlackCountry "ESP"]
[BlackFideId "32063318"]
[BlackEloChange "-2"]

1. e4 {[%clk 1:32:00]} e5 {[%clk 1:31:00]} 2. Nf3 {[%clk 1:32:00]} Nc6 {[%clk
1:31:00]} 3. d4 {[%clk 1:32:00]} exd4 {[%clk 1:31:00]} 4. Nxd4 {[%clk 1:32:00]}
Bb4+ {[%clk 1:31:00]} 5. c3 {[%clk 1:32:00]} Bc5 {[%clk 1:31:00]} 6. Be3 {[%clk
1:32:00]} Bb6 {[%clk 1:31:00]} 7. Nf5 {[%clk 1:31:00]} Bxe3 {[%clk 1:22:00]} 8.
Nxe3 {[%clk 1:31:00]} Nge7 {[%clk 1:21:00]} 9. c4 {[%clk 1:25:00]} O-O {[%clk
1:20:00]} 10. Nc3 {[%clk 1:25:00]} d6 {[%clk 1:20:00]} 11. Be2 {[%clk 1:23:00]}
Be6 {[%clk 1:16:00]} 12. O-O {[%clk 1:22:00]} Qd7 {[%clk 1:15:00]} 13. Qd2 {[%clk
1:21:00]} Rae8 {[%clk 1:14:00]} 14. Ncd5 {[%clk 1:11:00]} f5 {[%clk 1:08:00]} 15.
exf5 {[%clk 0:56:00]} Nxf5 {[%clk 1:08:00]} 16. Nxf5 {[%clk 0:50:00]} Bxf5 {[%clk
1:08:00]} 17. Ne3 {[%clk 0:49:00]} Be6 {[%clk 1:07:00]} 18. Rae1 {[%clk 0:45:00]}
b6 {[%clk 0:57:00]} 19. f4 {[%clk 0:41:00]} Ne7 {[%clk 0:49:00]} 20. b3 {[%clk
0:35:00]} a5 {[%clk 0:42:00]} 21. g3 {[%clk 0:33:00]} Nf5 {[%clk 0:38:00]} 22.
Bh5 {[%clk 0:29:00]} g6 {[%clk 0:36:00]} 23. Bf3 {[%clk 0:24:00]} Nxe3 {[%clk
0:33:00]} 24. Rxe3 {[%clk 0:24:00]} Bf7 {[%clk 0:32:00]} 25. Rfe1 {[%clk
0:23:00]} Rxe3 {[%clk 0:31:00]} 26. Rxe3 {[%clk 0:23:00]} Re8 {[%clk 0:31:00]}
27. Qe2 {[%clk 0:21:00]} Rxe3 {[%clk 0:31:00]} 28. Qxe3 {[%clk 0:21:00]} Qe8
{[%clk 0:30:00]} 29. Kf2 {[%clk 0:21:00]} Qxe3+ {[%clk 0:30:00]} 30. Kxe3 {[%clk
0:21:00]} Kg7 {[%clk 0:30:00]} 31. Kd4 {[%clk 0:21:00]} Kf6 {[%clk 0:30:00]} 32.
Bd5 {[%clk 0:20:00]} Be8 {[%clk 0:27:00]} 33. Bg8 {[%clk 0:18:58]} c6 {[%clk
0:24:00]} 34. a3 {[%clk 0:05:28]} Bd7 {[%clk 0:15:52]} 35. b4 {[%clk 0:02:44]}
axb4 {[%clk 0:12:33]} 36. axb4 {[%clk 0:03:13]} Kg7 {[%clk 0:09:54]} 37. Bd5
{[%clk 0:03:04]} cxd5 {[%clk 0:10:15]} 38. Kxd5 {[%clk 0:03:31]} b5 {[%clk
0:10:40]} 39. cxb5 {[%clk 0:03:02]} Bxb5 {[%clk 0:11:04]} 40. Kxd6 {[%clk
0:03:19]} Kf6 {[%clk 0:11:13]} 41. Kc5 {[%clk 0:02:48]} Bf1 {[%clk 0:11:32]} 42.
b5 {[%clk 0:02:39]} Kf5 {[%clk 0:02:18]} 43. b6 {[%clk 0:03:00]} Bg2 {[%clk
0:01:17]} 44. Kd6 {[%clk 0:02:44]} h5 {[%clk 0:01:11]} 45. Ke7 {[%clk 0:01:06]}
Bd5 {[%clk 0:00:48]} 46. Kd6 {[%clk 0:00:56]} Be4 {[%clk 0:01:11]} 47. h3 {[%clk
0:00:56]} h4 {[%clk 0:00:36]} 48. gxh4 {[%clk 0:00:56]} Kxf4 {[%clk 0:00:36]}
1/2-1/2

[Event "Campeonato España Sub 18"]
[Site "Salobreña"]
[Date "2017.08.04"]
[Round "8"]
[White "Vidal Fernandez, Pablo"]
[Black "Plazuelo Pascual, Juan"]
[Result "0-1"]
[Board "8"]
[WhiteClock "1:32"]
[WhiteElo "2167"]
[WhiteCountry "ESP"]
[WhiteFideId "32041705"]
[WhiteEloChange "-6"]
[BlackClock "1:31"]
[BlackTitle "FM"]
[BlackElo "2334"]
[BlackCountry "ESP"]
[BlackFideId "32059566"]
[BlackEloChange "6"]

1. e4 {[%clk 1:32:00]} e6 {[%clk 1:31:00]} 2. d4 {[%clk 1:32:00]} d5 {[%clk
1:31:00]} 3. Nc3 {[%clk 1:32:00]} Nf6 {[%clk 1:31:00]} 4. Bg5 {[%clk 1:32:00]}
Bb4 {[%clk 1:31:00]} 5. exd5 {[%clk 1:32:00]} Qxd5 {[%clk 1:31:00]} 6. Bxf6
{[%clk 1:32:00]} Bxc3+ {[%clk 1:31:00]} 7. bxc3 {[%clk 1:32:00]} gxf6 {[%clk
1:31:00]} 8. Qg4 {[%clk 1:33:00]} Qa5 {[%clk 1:25:00]} 9. Ne2 {[%clk 1:32:00]}
Ke7 {[%clk 1:23:00]} 10. g3 {[%clk 1:24:00]} Bd7 {[%clk 1:22:00]} 11. Bg2 {[%clk
1:22:00]} Bc6 {[%clk 1:21:00]} 12. O-O {[%clk 1:21:00]} h5 {[%clk 1:18:00]} 13.
Qf4 {[%clk 1:19:00]} h4 {[%clk 1:13:00]} 14. Rad1 {[%clk 1:12:00]} Bxg2 {[%clk
1:09:00]} 15. Kxg2 {[%clk 1:13:00]} Nd7 {[%clk 1:05:00]} 16. d5 {[%clk 0:53:00]}
Ne5 {[%clk 0:57:00]} 17. Rfe1 {[%clk 0:49:00]} Rag8 {[%clk 0:52:00]} 18. h3
{[%clk 0:43:00]} hxg3 {[%clk 0:41:00]} 19. fxg3 {[%clk 0:40:00]} Rh5 {[%clk
0:41:00]} 20. Qe4 {[%clk 0:38:00]} Qc5 {[%clk 0:34:00]} 21. Nf4 {[%clk 0:27:00]}
Rhg5 {[%clk 0:34:00]} 22. Re3 {[%clk 0:26:00]} Nc4 {[%clk 0:30:00]} 23. Rf3
{[%clk 0:18:21]} Nd6 {[%clk 0:30:00]} 24. Qe2 {[%clk 0:16:05]} e5 {[%clk
0:24:00]} 25. Nd3 {[%clk 0:12:44]} Qxd5 {[%clk 0:24:00]} 26. Kh2 {[%clk 0:11:46]}
Qc4 {[%clk 0:21:00]} 27. Qf2 {[%clk 0:09:39]} Ne4 {[%clk 0:18:12]} 28. Qxa7
{[%clk 0:08:25]} Qxc3 {[%clk 0:17:16]} 29. Ne1 {[%clk 0:07:33]} Qc5 {[%clk
0:14:45]} 30. Qa4 {[%clk 0:02:10]} Nd6 {[%clk 0:14:55]} 31. Nd3 {[%clk 0:02:30]}
Qd5 {[%clk 0:10:52]} 32. Rdf1 {[%clk 0:00:59]} R8g6 {[%clk 0:09:34]} 33. Qa3
{[%clk 0:00:45]} Qc4 {[%clk 0:09:31]} 34. Qc1 {[%clk 0:00:33]} Kd8 {[%clk
0:06:35]} 35. Nf2 {[%clk 0:00:36]} Qe2 {[%clk 0:06:32]} 36. Kg2 {[%clk 0:00:45]}
Nf5 {[%clk 0:05:05]} 37. Qd1+ {[%clk 0:01:10]} Qxd1 {[%clk 0:05:29]} 38. Rxd1+
{[%clk 0:01:36]} Ke7 {[%clk 0:05:20]} 39. Ng4 {[%clk 0:01:42]} Nd6 {[%clk
0:04:28]} 40. Kh2 {[%clk 0:01:17]} Ke6 {[%clk 0:03:56]} 41. Re1 {[%clk 0:01:24]}
Rh5 {[%clk 0:03:33]} 42. Kg2 {[%clk 0:01:42]} Rh8 {[%clk 0:03:52]} 43. a3 {[%clk
0:01:39]} Ra8 {[%clk 0:04:14]} 44. Nf2 {[%clk 0:01:00]} Nf5 {[%clk 0:04:22]} 45.
Kh2 {[%clk 0:01:09]} Nd4 {[%clk 0:04:30]} 46. Rc3 {[%clk 0:01:26]} c6 {[%clk
0:03:48]} 47. Nd3 {[%clk 0:01:34]} Nf3+ {[%clk 0:03:48]} 0-1

[Event "Campeonato España Sub 18"]
[Site "Salobreña"]
[Date "2017.08.04"]
[Round "8"]
[White "Martinez Pla, Xavier"]
[Black "Domingo Nunez, Ruben"]
[Result "0-1"]
[Board "9"]
[WhiteClock "1:31"]
[WhiteElo "2166"]
[WhiteCountry "ESP"]
[WhiteFideId "32074271"]
[WhiteEloChange "-7"]
[BlackClock "1:28"]
[BlackTitle "FM"]
[BlackElo "2283"]
[BlackCountry "ESP"]
[BlackFideId "22245570"]
[BlackEloChange "7"]

1. Nf3 {[%clk 1:31:00]} Nf6 {[%clk 1:28:00]} 2. d4 {[%clk 1:31:00]} b6 {[%clk
1:25:00]} 3. Bf4 {[%clk 1:31:00]} Bb7 {[%clk 1:25:00]} 4. e3 {[%clk 1:31:00]} g6
{[%clk 1:24:00]} 5. Be2 {[%clk 1:28:00]} Bg7 {[%clk 1:24:00]} 6. h3 {[%clk
1:29:00]} d6 {[%clk 1:19:00]} 7. c4 {[%clk 1:29:00]} O-O {[%clk 1:18:00]} 8. Nc3
{[%clk 1:29:00]} Ne4 {[%clk 1:17:00]} 9. Qc2 {[%clk 1:29:00]} Nxc3 {[%clk
1:17:00]} 10. bxc3 {[%clk 1:29:00]} Nd7 {[%clk 1:18:00]} 11. O-O {[%clk 1:29:00]}
e5 {[%clk 1:17:00]} 12. Bh2 {[%clk 1:29:00]} Qe7 {[%clk 1:17:00]} 13. Rfe1 {[%clk
1:27:00]} f5 {[%clk 1:12:00]} 14. a4 {[%clk 1:27:00]} a5 {[%clk 1:12:00]} 15.
Rad1 {[%clk 1:24:00]} Rad8 {[%clk 1:09:00]} 16. Nd2 {[%clk 1:19:00]} g5 {[%clk
1:03:00]} 17. Bf3 {[%clk 1:17:00]} e4 {[%clk 1:02:00]} 18. Be2 {[%clk 1:17:00]}
Kh8 {[%clk 1:01:00]} 19. c5 {[%clk 1:08:00]} dxc5 {[%clk 0:53:00]} 20. Bxc7
{[%clk 1:08:00]} Rc8 {[%clk 0:53:00]} 21. Bh2 {[%clk 1:08:00]} cxd4 {[%clk
0:43:00]} 22. exd4 {[%clk 1:08:00]} e3 {[%clk 0:39:00]} 23. Bc4 {[%clk 1:05:00]}
f4 {[%clk 0:37:00]} 24. fxe3 {[%clk 1:05:00]} fxe3 {[%clk 0:32:00]} 25. Qd3
{[%clk 1:03:00]} Rce8 {[%clk 0:28:00]} 26. Nf1 {[%clk 1:03:00]} Qf6 {[%clk
0:28:00]} 27. Bg3 {[%clk 1:03:00]} Qf2+ {[%clk 0:28:00]} 28. Bxf2 {[%clk
1:03:00]} exf2+ {[%clk 0:29:00]} 29. Kh2 {[%clk 1:03:00]} fxe1Q {[%clk 0:29:00]}
30. Rxe1 {[%clk 1:03:00]} Rxe1 {[%clk 0:29:00]} 31. Ne3 {[%clk 1:04:00]} Ne5
{[%clk 0:29:00]} 0-1